000 01544cam a22004814i 4500
003 PE-LiUPU
005 20250731173446.0
008 150616s1992 sp rb 000 0 spa d
020 _a8471516675
020 _a9788471516671
035 _a(Sirsi) i9788471516671
040 _aPE-LiUPU
_bspa
_cPE-LiUPU
_erda
049 _aPRUA
082 0 4 _a223.2
_bA42
_221
100 1 _aAlonso Schökel, Luis,
_d1920-,
_eautor.
245 1 0 _aSalmos 1-72.
_n1 /
_cLuis Alonso Schökel.
264 1 _aNavarra :
_bVerbo Divino,
_c1992.
300 _a942 páginas ;
_c24 centímetros.
336 _atext
_2rdacontent
337 _aunmediated
_2rdamedia
338 _avolume
_2rdacarrier
490 0 _aNueva Biblia Española
504 _aBibliografía: páginas 107-123.
505 0 _aHistoria de la interpretación de los Salmos y tareas pendientes -- Introducción a los Salmos. Texto y comentario.
526 _aSEG42
526 _aSEG41
526 _aSEG40
526 _aSEG39
526 _aP94
526 _aP87
526 _aP86
526 _aP85
526 _aP77
526 _aP76
526 _aP35
630 _aBiblia.
_pA.T.
_pSalmos
_xComentarios.
910 _ajck
_bjvq
_cjck
942 _2ddc
_cBOOK
994 _aC0
_bPEPRU
596 _a1
999 _a223.2 A42 1
_wDEWEY
_c57066
_i33632
_d57066
_e2019-11-19
_f2021-11-11
_g6
_lCCODEBUL1
_mBUL
_n30
_p64.00
_q8
_r0
_sY
_tBOOK
_u2015-6-16
_xTEOLOGIA
_zUNKNOWN
_0COMPRA
_o.STAFF. Colección Teología
980 _81
_gALBERTO SANCHEZ Responsable de Automatización